000 00558nam a2200193Ia 4500
001 22606
003 GE_BSU
008 181216s||||||||xx |||||||||||||| ||und||
040 _cGE_BSU
245 _aБанковские технологии № 2(264) 2018
245 _cГл. ред. Ю.Н.Гордеев
260 _aМосква
260 _c2018
300 _a56 стр. 29см. илл.
653 _aБанковские технологии № 2(264) 2018
653 _aПериодика
653 _aპერიოდიკა
942 _cCR
999 _c55524
_d55524